| 000 | 00974cam a22002897a 4500 | ||
|---|---|---|---|
| 003 | CHAP | ||
| 005 | 20220329142139.0 | ||
| 008 | 000113d1994 mx a r 00010 spa d | ||
| 010 | _a79204 | ||
| 011 | _a80176 | ||
| 035 | _a90620 | ||
| 040 | _cCHAP | ||
| 090 | _aFolleto 15553 | ||
| 100 | 0 | 0 |
_aRodríguez Navarro, Silvia. _998740 |
| 245 | 0 |
_aManual de diagnóstico e identificación del gorgojo khapra : _bTrogoderma granarium Everts _c/por Silvia Rodríguez Navarro |
|
| 260 |
_aMéxico, D. F. : _bSecretaría de Agricultura y Recursos Hidráulicos, _c1994. |
||
| 300 |
_a75 p. : _bilus. |
||
| 590 |
_aBATCH-UPD _b10 _c20130110 _lUCH01 _h0734 |
||
| 590 |
_aBATCH-UPD _b10 _c20130410 _lUCH01 _h0417 |
||
| 590 |
_aBATCH-UPD _b10 _c20130914 _lUCH01 _h1550 |
||
| 590 |
_aCONVERSION _b10 _c20130109 _lUCH01 _h1344 |
||
| 650 | 1 | 4 |
_aGorgojo Khapra. _950039 |
| 901 | _aBK | ||
| 905 | _aLilia Sánchez G. | ||
| 942 | _cFOLL | ||
| 949 |
_aFolleto 15553 _bBC _cFOLL _d906201 _eTS1 _i90620 _sb |
||
| 999 |
_c79204 _d79204 |
||